[Event "GER-ch Rapid Women 2017"]
[Site "Erfurt"]
[Date "2017.07.29"]
[Round "1"]
[White "Mader, Lena"]
[Black "Mader, Manuela"]
[Result "0-1"]
[WhiteElo "1880"]
[BlackElo "2203"]
[Annotator "NA"]
[PlyCount "110"]
[EventDate "2017.??.??"]
[EventType "swiss"]
[EventCountry "GER"]
[SourceTitle "playchess.com"]
[Source "ChessBase"]
[SourceQuality "1"]
[TimeControl "1200"]

1. Nf3 {[%emt 0:00:01]} Nf6 {[%emt 0:00:04]} 2. c4 {[%emt 0:00:01]} g6 {[%emt 0:00:03]} 3. d4 {[%emt 0:00:01]} Bg7 {[%emt 0:00:01]} 4. g3 {[%emt 0:00:01]} d6 {[%emt 0:00:02]} 5. Bg2 {[%emt 0:00:06]} O-O {[%emt 0:00:02]} 6. Nc3 {[%emt 0:00:01]} a6 {[%emt 0:00:02]} 7. b3 {[%emt 0:00:27]} c5 {[%emt 0:02:12]} 8. e3 {[%emt 0:00:09]} cxd4 {[%emt 0:00:59]} 9. exd4 {[%emt 0:00:02]} Nc6 {[%emt 0:01:25]} 10. O-O {[%emt 0:00:15]} Bd7 {[%emt 0:00:10]} 11. Bb2 {[%emt 0:00:03]} Rb8 {[%emt 0:00:14]} 12. Re1 {[%emt 0:00:25]} Re8 {[%emt 0:00:04]} 13. a3 {[%emt 0:00:28]} Na5 {[%emt 0:01:13]} 14. Rc1 {[%emt 0:01:45]} Bh6 {[%emt 0:00:28]} 15. Ra1 {[%emt 0:00:13]} Qb6 {[%emt 0:00:08]} 16. Nd2 {[%emt 0:01:53]} Bxd2 {[%emt 0:00:27]} 17. Qxd2 {[%emt 0:00:01]} Nxb3 {[%emt 0:00:02]} 18. c5 {[%emt 0:00:45]} dxc5 {[%emt 0:03:55]} 19. dxc5 {[%emt 0:00:01]} Qxc5 {[%emt 0:00:03]} 20. Qh6 {[%emt 0:00:39]} Qxf2+ {[%emt 0:02:07]} 21. Kxf2 {[%emt 0:00:01]} Ng4+ {[%emt 0:00:01]} 22. Kg1 {[%emt 0:00:02]} Nxh6 {[%emt 0:00:01]} 23. Nd5 {[%emt 0:00:03]} Nxa1 {[%emt 0:00:40]} 24. Bxa1 {[%emt 0:00:12]} Be6 {[%emt 0:00:06]} 25. Nc7 {[%emt 0:00:45]} Rec8 {[%emt 0:00:03]} 26. Nxe6 {[%emt 0:00:04]} fxe6 {[%emt 0:00:01]} 27. Be5 {[%emt 0:00:10]} Kf7 {[%emt 0:01:06]} 28. Bxb8 {[%emt 0:00:34]} Rxb8 {[%emt 0:00:01]} 29. Rc1 {[%emt 0:00:04]} Nf5 {[%emt 0:00:08]} 30. Rc7 {[%emt 0:00:30]} Nd6 {[%emt 0:00:01]} 31. Rc2 {[%emt 0:01:05]} b5 {[%emt 0:00:05]} 32. Rf2+ {[%emt 0:00:17]} Ke8 {[%emt 0:00:03]} 33. Bh3 {[%emt 0:00:02]} Nf5 {[%emt 0:00:21]} 34. Re2 {[%emt 0:00:21]} Rb6 {[%emt 0:00:01]} 35. g4 {[%emt 0:00:25]} Nd4 {[%emt 0:00:01]} 36. Re4 {[%emt 0:00:11]} Nf3+ {[%emt 0:00:05]} 37. Kf2 {[%emt 0:00:08]} Ng5 {[%emt 0:00:01]} 38. Re3 {[%emt 0:00:06]} a5 {[%emt 0:00:02]} 39. Bf1 {[%emt 0:00:06]} Nf7 {[%emt 0:00:13]} 40. Rb3 {[%emt 0:00:38]} Nd6 {[%emt 0:00:03]} 41. Re3 {[%emt 0:00:05]} Kd7 {[%emt 0:00:04]} 42. Rd3 {[%emt 0:00:07]} b4 {[%emt 0:00:02]} 43. axb4 {[%emt 0:00:09]} axb4 {[%emt 0:00:01]} 44. Rb3 {[%emt 0:00:05]} Ne4+ {[%emt 0:00:02]} 45. Ke2 {[%emt 0:00:12]} Nc5 {[%emt 0:00:02]} 46. Rb2 {[%emt 0:00:07]} b3 {[%emt 0:00:02]} 47. Kd2 {[%emt 0:00:08]} Na4 {[%emt 0:00:03]} 48. Rb1 {[%emt 0:00:11]} Rd6+ {[%emt 0:00:28]} 49. Kc1 {[%emt 0:00:13]} b2+ {[%emt 0:00:06]} 50. Kc2 {[%emt 0:00:08]} Rc6+ {[%emt 0:00:01]} 51. Kb3 {[%emt 0:00:02]} Rc1 {[%emt 0:00:05]} 52. Bd3 {[%emt 0:00:53]} Nc5+ {[%emt 0:00:10]} 53. Kxb2 {[%emt 0:00:08]} Nxd3+ {[%emt 0:00:01]} 54. Ka1 {[%emt 0:00:03]} Rxb1+ {[%emt 0:00:01]} 55. Kxb1 {[%emt 0:00:00]} Kd6 {[%emt 0:00:02]} 0-1

[Event "GER-ch Rapid Women 2017"]
[Site "Erfurt"]
[Date "2017.07.29"]
[Round "1"]
[White "Ganser, Ganokorn"]
[Black "Muetsch, Annmarie"]
[Result "0-1"]
[WhiteElo "1698"]
[BlackElo "2049"]
[Annotator "NA"]
[PlyCount "70"]
[EventDate "2017.??.??"]
[EventType "swiss"]
[EventCountry "GER"]
[SourceTitle "playchess.com"]
[Source "ChessBase"]
[SourceQuality "1"]
[TimeControl "1200"]

1. d4 {[%emt 0:00:02]} Nf6 {[%emt 0:00:01]} 2. c4 {[%emt 0:00:02]} e6 {[%emt 0:00:02]} 3. Nc3 {[%emt 0:00:02]} Bb4 {[%emt 0:00:02]} 4. f3 {[%emt 0:00:02]} d5 {[%emt 0:00:02]} 5. a3 {[%emt 0:00:01]} Bxc3+ {[%emt 0:00:03]} 6. bxc3 {[%emt 0:00:02]} O-O {[%emt 0:00:03]} 7. e3 {[%emt 0:00:01]} c5 {[%emt 0:00:02]} 8. cxd5 {[%emt 0:00:06]} exd5 {[%emt 0:01:19]} 9. Bd3 {[%emt 0:00:04]} Nc6 {[%emt 0:00:23]} 10. Ne2 {[%emt 0:00:04]} b6 {[%emt 0:00:28]} 11. O-O {[%emt 0:00:05]} Bb7 {[%emt 0:01:01]} 12. Ng3 {[%emt 0:00:05]} Ne7 {[%emt 0:00:20]} 13. Ra2 {[%emt 0:03:30]} Bc6 {[%emt 0:00:38]} 14. Re2 {[%emt 0:00:47]} Ng6 {[%emt 0:02:01]} 15. Bb1 {[%emt 0:02:07]} Bb5 {[%emt 0:02:34]} 16. Bd3 {[%emt 0:00:03]} Qd7 {[%emt 0:00:07]} 17. Bxb5 {[%emt 0:07:19]} Qxb5 {[%emt 0:00:03]} 18. Nf5 {[%emt 0:00:08]} Qc4 {[%emt 0:00:56]} 19. h4 {[%emt 0:00:30]} h5 {[%emt 0:01:44]} 20. Rc2 {[%emt 0:01:34]} Rad8 {[%emt 0:00:30]} 21. Qe2 {[%emt 0:00:50]} Qxe2 {[%emt 0:00:41]} 22. Rxe2 {[%emt 0:00:01]} Rfe8 {[%emt 0:00:10]} 23. Rfe1 {[%emt 0:00:18]} Ne7 {[%emt 0:00:23]} 24. Ng3 {[%emt 0:00:08]} Nc6 {[%emt 0:00:12]} 25. Bb2 {[%emt 0:00:04]} g6 {[%emt 0:01:23]} 26. Kf2 {[%emt 0:00:07]} Kg7 {[%emt 0:00:11]} 27. Rd2 {[%emt 0:00:14]} Na5 {[%emt 0:00:17]} 28. e4 {[%emt 0:00:07]} Nc4 {[%emt 0:00:08]} 29. Rde2 {[%emt 0:00:16]} dxe4 {[%emt 0:00:22]} 30. fxe4 {[%emt 0:00:02]} Nxb2 {[%emt 0:00:04]} 31. Rxb2 {[%emt 0:00:05]} cxd4 {[%emt 0:00:05]} 32. cxd4 {[%emt 0:00:09]} Rxd4 {[%emt 0:00:05]} 33. Rbe2 {[%emt 0:00:05]} Re5 {[%emt 0:00:15]} 34. Kf3 {[%emt 0:00:10]} Ng4 {[%emt 0:00:22]} 35. Rc2 {[%emt 0:00:07]} Rd3+ {[%emt 0:00:10]} 0-1

[Event "GER-ch Rapid Women 2017"]
[Site "Erfurt"]
[Date "2017.07.29"]
[Round "1"]
[White "Bachmann, Sylvia"]
[Black "Zschischang, Marine"]
[Result "0-1"]
[WhiteElo "1677"]
[BlackElo "2057"]
[Annotator "NA"]
[PlyCount "102"]
[EventDate "2017.??.??"]
[EventType "swiss"]
[EventCountry "GER"]
[SourceTitle "playchess.com"]
[Source "ChessBase"]
[SourceQuality "1"]
[TimeControl "1200"]

1. e4 {[%emt 0:00:01]} e6 {[%emt 0:00:01]} 2. d4 {[%emt 0:00:05]} d5 {[%emt 0:00:01]} 3. Nd2 {[%emt 0:00:03]} dxe4 {[%emt 0:00:01]} 4. Nxe4 {[%emt 0:00:02]} Nd7 {[%emt 0:00:01]} 5. Nf3 {[%emt 0:00:07]} Ngf6 {[%emt 0:00:01]} 6. Nc3 {[%emt 0:00:11]} c5 {[%emt 0:00:36]} 7. Bd3 {[%emt 0:00:43]} a6 {[%emt 0:00:17]} 8. a4 {[%emt 0:00:25]} cxd4 {[%emt 0:00:57]} 9. Nxd4 {[%emt 0:00:07]} Ne5 {[%emt 0:00:11]} 10. O-O {[%emt 0:00:39]} Nxd3 {[%emt 0:00:29]} 11. Qxd3 {[%emt 0:00:10]} Bc5 {[%emt 0:00:26]} 12. Rd1 {[%emt 0:00:02]} Qc7 {[%emt 0:02:40]} 13. Bg5 {[%emt 0:03:09]} Bd7 {[%emt 0:01:11]} 14. Nb3 {[%emt 0:00:25]} Be7 {[%emt 0:00:48]} 15. Qg3 {[%emt 0:02:01]} Qxg3 {[%emt 0:00:43]} 16. hxg3 {[%emt 0:00:02]} O-O-O {[%emt 0:02:18]} 17. Rd3 {[%emt 0:00:13]} Bc6 {[%emt 0:00:09]} 18. Rad1 {[%emt 0:00:05]} e5 {[%emt 0:01:08]} 19. Na5 {[%emt 0:00:16]} h6 {[%emt 0:01:36]} 20. Rxd8+ {[%emt 0:01:03]} Rxd8 {[%emt 0:00:46]} 21. Be3 {[%emt 0:01:13]} Rxd1+ {[%emt 0:00:25]} 22. Nxd1 {[%emt 0:00:02]} Bxa4 {[%emt 0:00:02]} 23. b3 {[%emt 0:00:16]} Bd7 {[%emt 0:00:10]} 24. Nc4 {[%emt 0:00:08]} Ng4 {[%emt 0:00:21]} 25. Bb6 {[%emt 0:00:16]} Be6 {[%emt 0:00:35]} 26. Nce3 {[%emt 0:00:37]} Nxe3 {[%emt 0:00:02]} 27. Nxe3 {[%emt 0:00:01]} Kd7 {[%emt 0:00:08]} 28. c4 {[%emt 0:00:19]} Kc6 {[%emt 0:00:02]} 29. Ba5 {[%emt 0:00:14]} b5 {[%emt 0:00:17]} 30. cxb5+ {[%emt 0:00:17]} Kxb5 {[%emt 0:00:04]} 31. Bc3 {[%emt 0:00:02]} f6 {[%emt 0:00:03]} 32. g4 {[%emt 0:01:27]} Bxb3 {[%emt 0:00:05]} 33. Nf5 {[%emt 0:00:01]} Bf8 {[%emt 0:00:01]} 34. Kf1 {[%emt 0:00:21]} a5 {[%emt 0:00:33]} 35. Ke1 {[%emt 0:00:09]} a4 {[%emt 0:00:01]} 36. Kd2 {[%emt 0:00:20]} Be6 {[%emt 0:00:03]} 37. Ne3 {[%emt 0:00:07]} a3 {[%emt 0:00:06]} 38. Ba1 {[%emt 0:00:07]} Ka4 {[%emt 0:00:06]} 39. Kc1 {[%emt 0:00:11]} Kb3 {[%emt 0:00:02]} 40. f3 {[%emt 0:00:11]} Bc5 {[%emt 0:00:17]} 41. Nf1 {[%emt 0:00:03]} Bb4 {[%emt 0:00:07]} 42. Ne3 {[%emt 0:00:36]} Bc3 {[%emt 0:00:13]} 43. Bxc3 {[%emt 0:00:29]} Kxc3 {[%emt 0:00:01]} 44. Nc2 {[%emt 0:00:01]} a2 {[%emt 0:00:03]} 45. Na1 {[%emt 0:00:01]} Bc4 {[%emt 0:00:04]} 46. Nc2 {[%emt 0:00:18]} Bf1 {[%emt 0:00:06]} 47. g3 {[%emt 0:00:14]} Be2 {[%emt 0:00:04]} 48. f4 {[%emt 0:00:03]} Bxg4 {[%emt 0:00:01]} 49. fxe5 {[%emt 0:00:01]} fxe5 {[%emt 0:00:01]} 50. Na1 {[%emt 0:00:03]} e4 {[%emt 0:00:01]} 51. Nc2 {[%emt 0:00:08]} e3 {[%emt 0:00:02]} 0-1

[Event "GER-ch Rapid Women 2017"]
[Site "Erfurt"]
[Date "2017.07.29"]
[Round "2"]
[White "Paehtz, Elisabeth"]
[Black "Birkholz, Olga"]
[Result "1-0"]
[WhiteElo "2486"]
[BlackElo "2076"]
[Annotator "TA"]
[PlyCount "89"]
[EventDate "2017.??.??"]
[EventType "swiss"]
[EventCountry "GER"]
[SourceTitle "playchess.com"]
[Source "ChessBase"]
[SourceQuality "1"]

{[%evp 17,89,23,28,28,22,64,52,26,22,0,0,0,0,0,95,52,110,88,115,87,56,75,124,112,229,240,218,220,216,214,221,184,216,179,234,214,242,253,280,281,295,290,382,377,824,804,759,643,631,612,924,919,894,808,958,600,2152,1949,1859,791,2188,1184,2577,2629,1725,1952,1551,1070,1403,972,1261,1220,1122,1068]} 1. e4 c5 2. Nc3 d6 3. Nf3 Nf6 4. d4 cxd4 5. Nxd4 a6 6. Bg5 e6 7. f4 Be7 8. Qf3 Qc7 9. O-O-O Bd7 10. e5 {B98: Sicilian Najdorf: 6 Bg5 e6 7 f4 Be7, sidelines} (10. f5 Nc6 11. Nxc6 bxc6 12. Kb1 d5 13. g4 h6 14. Bc1 Rb8 15. e5 Ng8 16. fxe6 Bxe6 17. Ne2 Bg5 {1-0 (42) Leko,P (2745)-Morozevich,A (2745) Wijk aan Zee 2001}) 10... dxe5 11. fxe5 Nd5 $1 12. Bxe7 {White is slightly better.} (12. Ne4 $5 {[%cal Rg5e7]} O-O 13. Bxe7 Nxe7 14. Nd6 $11) 12... Nxe7 13. Qg3 (13. Ne4 $5 {[%cal Re4d6]} O-O 14. Nd6 $11) 13... O-O 14. Bd3 Nbc6 15. Nf3 {[%cal Bd4f3,Bf3g5,Bg5e4][%mdl 32]} Ng6 $146 (15... h6 $1 $11) ({Find the theoretical novelty and annotate with similar games:} 15... h6 16. Kb1 Nb4 17. Qh4 Nxd3 18. Qxe7 {1-0 (36) Bromberger,S (2491)-Popovic,P (2474) Germany 2008}) 16. Rhe1 Nb4 (16... Rad8 $14) 17. Bxg6 $40 {[%mdl 128] White wants a kill.} fxg6 18. Ng5 h6 19. Nge4 {[#] Black must now prevent Nf6+!} Rac8 20. Rd2 {Hoping for Nf6+!} ({Don't play} 20. Qxg6 $6 Nxa2+ 21. Kb1 Nxc3+ 22. Nxc3 Rf2 $14) 20... Nd5 (20... Kh7 $16) 21. Nxd5 $18 exd5 22. Nd6 Bf5 {[%cal Rf5c2]} 23. Nxc8 Rxc8 24. Qb3 Be6 25. Qd3 g5 (25... Kh7 {was worth a try.} 26. Kb1 Qa5) 26. b3 Rf8 27. Kb2 Kh8 28. g3 Rc8 29. Qd4 Qa5 30. Re3 {[%cal Be1e3,Be3c3,Bc3c7,Bc7d7,Bd7f7,Bf7f8][%mdl 32]} Bf5 $2 (30... Rf8 31. Rc3 Qd8) 31. e6 {White is clearly winning.} Be4 32. Rc3 Re8 33. Qe5 Qb6 34. Rc7 {[%csl Gc7][%cal Re5g7]} Rg8 35. Rd7 Qb4 36. Qd4 Qb5 37. Rf2 {Threatening mate with Rxg7!} Qc6 {[#]} 38. Qe5 (38. Rf8 $142 $1 {[%mdl 512]} Qxc2+ (38... Rxf8 39. Qxg7#) 39. Ka3 Qc1+ 40. Kb4 a5+ 41. Ka4 Qc6+ 42. Kxa5 b6+ 43. Ka6 Bd3+ 44. Ka7 Qxd7+ 45. exd7 Rxf8 46. Qxd3) 38... b5 39. Rdf7 b4 40. e7 Bg6 41. Rf8 Kh7 42. Qd4 a5 43. Re2 Qd7 44. e8=Q Bxe8 45. Rexe8 {Precision: White = 58%, Black = 13%.} 1-0

[Event "GER-ch Rapid Women 2017"]
[Site "Erfurt"]
[Date "2017.07.29"]
[Round "2"]
[White "Fuchs, Judith"]
[Black "Rogozenco, Teodora"]
[Result "0-1"]
[WhiteElo "2285"]
[BlackElo "2169"]
[Annotator "NA"]
[PlyCount "164"]
[EventDate "2017.??.??"]
[EventType "swiss"]
[EventCountry "GER"]
[SourceTitle "playchess.com"]
[Source "ChessBase"]
[SourceQuality "1"]
[TimeControl "1200"]

1. b3 {[%emt 0:00:02]} e5 {[%emt 0:00:13]} 2. Bb2 {[%emt 0:00:02]} Bd6 3. g3 {[%emt 0:00:51]} c6 {[%emt 0:00:38]} 4. Bg2 {[%emt 0:00:16]} f5 {[%emt 0:00:06]} 5. f4 {[%emt 0:00:36]} Qe7 {[%emt 0:00:11]} 6. fxe5 {[%emt 0:01:58]} Bxe5 {[%emt 0:00:02]} 7. Nc3 {[%emt 0:00:26]} Nf6 {[%emt 0:00:04]} 8. Nf3 {[%emt 0:00:04]} Bc7 {[%emt 0:00:02]} 9. O-O {[%emt 0:00:14]} d5 {[%emt 0:00:27]} 10. e3 {[%emt 0:00:04]} O-O {[%emt 0:00:03]} 11. Nd4 {[%emt 0:00:14]} Ne4 {[%emt 0:00:11]} 12. a4 {[%emt 0:00:33]} Na6 {[%emt 0:00:48]} 13. Qe1 {[%emt 0:00:15]} Nb4 {[%emt 0:00:27]} 14. d3 {[%emt 0:00:29]} Nc5 {[%emt 0:00:58]} 15. Qd2 {[%emt 0:00:41]} Bd7 {[%emt 0:00:38]} 16. Rae1 {[%emt 0:00:07]} Bd6 {[%emt 0:00:25]} 17. Nce2 {[%emt 0:00:27]} a5 {[%emt 0:00:23]} 18. Nf4 {[%emt 0:00:14]} Rae8 {[%emt 0:00:03]} 19. Nf3 {[%emt 0:00:25]} Qd8 {[%emt 0:01:00]} 20. Nh5 {[%emt 0:00:30]} Ne6 {[%emt 0:00:23]} 21. Ne5 {[%emt 0:00:57]} Bc8 {[%emt 0:00:08]} 22. Nf4 {[%emt 0:00:29]} Qb6 {[%emt 0:00:40]} 23. Kh1 {[%emt 0:00:26]} Na6 {[%emt 0:01:05]} 24. Nf3 {[%emt 0:00:27]} Bb4 {[%emt 0:00:53]} 25. Bc3 {[%emt 0:00:19]} Qc5 {[%emt 0:02:14]} 26. Bxb4 {[%emt 0:00:17]} Nxb4 {[%emt 0:00:01]} 27. c3 {[%emt 0:00:22]} Na6 {[%emt 0:00:01]} 28. Nxe6 {[%emt 0:01:11]} Rxe6 {[%emt 0:00:01]} 29. Nd4 {[%emt 0:00:05]} Re5 {[%emt 0:00:01]} 30. Rf4 {[%emt 0:00:13]} Qe7 {[%emt 0:00:57]} 31. Bh3 {[%emt 0:00:47]} Nc5 {[%emt 0:02:08]} 32. Rf3 {[%emt 0:00:24]} g6 {[%emt 0:00:20]} 33. Bg2 {[%emt 0:00:08]} Re8 {[%emt 0:00:01]} 34. Kg1 {[%emt 0:00:23]} Qg5 {[%emt 0:00:39]} 35. Rf4 {[%emt 0:00:14]} Qe7 {[%emt 0:00:13]} 36. Rf3 {[%emt 0:00:19]} Kg7 {[%emt 0:00:03]} 37. Kf2 {[%emt 0:00:35]} f4 {[%emt 0:00:23]} 38. gxf4 {[%emt 0:00:48]} Qh4+ {[%emt 0:00:23]} 39. Kg1 {[%emt 0:00:13]} Rh5 {[%emt 0:00:07]} 40. Bf1 {[%emt 0:00:30]} Bf5 {[%emt 0:00:46]} 41. Nxf5+ {[%emt 0:00:12]} Rxf5 {[%emt 0:00:21]} 42. b4 {[%emt 0:00:19]} axb4 {[%emt 0:00:15]} 43. cxb4 {[%emt 0:00:01]} Nxa4 {[%emt 0:00:07]} 44. Qf2 {[%emt 0:00:12]} Qxf2+ {[%emt 0:00:13]} 45. Kxf2 {[%emt 0:00:03]} Nc3 {[%emt 0:00:01]} 46. Ra1 {[%emt 0:00:14]} Rff8 {[%emt 0:00:01]} 47. Ra7 Re7 48. Ra1 {[%emt 0:00:22]} Rd8 {[%emt 0:00:01]} 49. Re1 {[%emt 0:00:01]} Rde8 {[%emt 0:00:09]} 50. Rg3 {[%emt 0:00:03]} Re6 {[%emt 0:00:02]} 51. Bh3 Kf6 {[%emt 0:00:02]} 52. Bg2 {[%emt 0:00:02]} R6e7 {[%emt 0:00:01]} 53. Rf3 {[%emt 0:00:10]} Kg7 {[%emt 0:00:01]} 54. h4 {[%emt 0:00:02]} h5 {[%emt 0:00:02]} 55. Rg3 {[%emt 0:00:00]} Kf6 {[%emt 0:00:02]} 56. Bh3 {[%emt 0:00:05]} Ra8 {[%emt 0:00:05]} 57. Rc1 {[%emt 0:00:09]} Ra2+ {[%emt 0:00:01]} 58. Kf3 {[%emt 0:00:05]} Nd1 {[%emt 0:00:01]} 59. Rxd1 {[%emt 0:00:03]} Ra3 {[%emt 0:00:03]} 60. Ke2 {[%emt 0:00:01]} Ra2+ {[%emt 0:00:01]} 61. Rd2 {[%emt 0:00:01]} Ra1 {[%emt 0:00:01]} 62. Rg2 {[%emt 0:00:01]} Rb1 {[%emt 0:00:02]} 63. Rf2 {[%emt 0:00:01]} Rxb4 {[%emt 0:00:00]} 64. f5 {[%emt 0:00:01]} g5 {[%emt 0:00:01]} 65. hxg5+ {[%emt 0:00:01]} Kxg5 {[%emt 0:00:01]} 66. f6 {[%emt 0:00:01]} Rf7 {[%emt 0:00:01]} 67. Be6 {[%emt 0:00:00]} Rf8 {[%emt 0:00:01]} 68. f7 {[%emt 0:00:01]} Kg6 {[%emt 0:00:01]} 69. Rc2 {[%emt 0:00:03]} Ra4 {[%emt 0:00:00]} 70. Kd2 {[%emt 0:00:01]} Raa8 {[%emt 0:00:01]} 71. Rg2+ {[%emt 0:00:01]} Kf6 {[%emt 0:00:01]} 72. Bh3 {[%emt 0:00:01]} Rxf7 {[%emt 0:00:01]} 73. Rf2+ {[%emt 0:00:01]} Ke7 {[%emt 0:00:01]} 74. Rxf7+ {[%emt 0:00:01]} Kxf7 {[%emt 0:00:01]} 75. Rb2 Ra7 76. Kc3 {[%emt 0:00:01]} Ke7 {[%emt 0:00:01]} 77. Kd4 Kd6 78. e4 {[%emt 0:00:01]} Ra4+ 79. Ke3 dxe4 {[%emt 0:00:01]} 80. dxe4 {[%emt 0:00:02]} b5 {[%emt 0:00:00]} 81. Rd2+ Ke5 82. Rf2 Ra3+ {Rf5+} 0-1

[Event "GER-ch Rapid Women 2017"]
[Site "Erfurt"]
[Date "2017.07.29"]
[Round "2"]
[White "Mader, Manuela"]
[Black "Ries, Jutta"]
[Result "1-0"]
[WhiteElo "2203"]
[BlackElo "2051"]
[Annotator "NA"]
[PlyCount "101"]
[EventDate "2017.??.??"]
[EventType "swiss"]
[EventCountry "GER"]
[SourceTitle "playchess.com"]
[Source "ChessBase"]
[SourceQuality "1"]
[TimeControl "1200"]

1. e4 {[%emt 0:00:02]} Nf6 {[%emt 0:00:01]} 2. e5 {[%emt 0:00:02]} Nd5 {[%emt 0:00:01]} 3. d4 {[%emt 0:00:02]} d6 {[%emt 0:00:01]} 4. c4 {[%emt 0:00:01]} Nb6 {[%emt 0:00:01]} 5. exd6 {[%emt 0:00:02]} cxd6 {[%emt 0:00:02]} 6. Nc3 {[%emt 0:00:15]} g6 {[%emt 0:00:08]} 7. Be3 {[%emt 0:00:10]} Bg7 {[%emt 0:00:01]} 8. Rc1 {[%emt 0:00:07]} O-O {[%emt 0:00:05]} 9. b3 {[%emt 0:00:49]} Nc6 {[%emt 0:00:24]} 10. Nf3 {[%emt 0:00:05]} Bg4 {[%emt 0:00:18]} 11. Be2 {[%emt 0:00:04]} e5 {[%emt 0:01:18]} 12. d5 {[%emt 0:00:46]} Ne7 {[%emt 0:00:19]} 13. Nd2 {[%emt 0:05:42]} Bxe2 {[%emt 0:00:49]} 14. Qxe2 {[%emt 0:00:02]} Nf5 {[%emt 0:00:31]} 15. Nde4 {[%emt 0:00:39]} Nxe3 {[%emt 0:00:16]} 16. Qxe3 {[%emt 0:01:47]} f5 {[%emt 0:00:11]} 17. Nd2 {[%emt 0:00:02]} a6 {[%emt 0:01:56]} 18. h4 {[%emt 0:00:41]} Nd7 {[%emt 0:00:20]} 19. a3 {[%emt 0:00:39]} Qa5 {[%emt 0:02:13]} 20. Ncb1 {[%emt 0:00:40]} e4 {[%emt 0:02:52]} 21. b4 {[%emt 0:00:11]} Qd8 {[%emt 0:00:25]} 22. Nb3 {[%emt 0:02:24]} Ne5 {[%emt 0:00:34]} 23. Kf1 {[%emt 0:00:09]} Rc8 {[%emt 0:00:26]} 24. N1d2 {[%emt 0:00:14]} Ng4 {[%emt 0:00:32]} 25. Qe2 {[%emt 0:00:11]} e3 {[%emt 0:01:24]} 26. fxe3 {[%emt 0:00:29]} Qe7 {[%emt 0:00:05]} 27. Rh3 {[%emt 0:00:10]} Rce8 {[%emt 0:00:08]} 28. Kg1 {[%emt 0:00:49]} Bb2 {[%emt 0:00:36]} 29. Rb1 {[%emt 0:00:20]} Qf6 {[%emt 0:00:24]} 30. Qd3 {[%emt 0:00:18]} Be5 {[%emt 0:00:56]} 31. Nf3 {[%emt 0:00:08]} Re7 {[%emt 0:00:17]} 32. Nbd4 {[%emt 0:00:07]} Bxd4 {[%emt 0:00:36]} 33. Nxd4 {[%emt 0:00:03]} f4 {[%emt 0:00:07]} 34. Ne6 {[%emt 0:00:08]} Rff7 {[%emt 0:00:05]} 35. exf4 {[%emt 0:00:07]} Nh6 {[%emt 0:00:19]} 36. Rf1 {[%emt 0:00:06]} Nf5 {[%emt 0:00:01]} 37. Ng5 {[%emt 0:00:11]} Rf8 {[%emt 0:00:05]} 38. Ne4 {[%emt 0:00:06]} Qd4+ {[%emt 0:00:05]} 39. Qxd4 {[%emt 0:00:01]} Nxd4 {[%emt 0:00:01]} 40. Nxd6 {[%emt 0:00:03]} Ne2+ {[%emt 0:00:06]} 41. Kh2 {[%emt 0:00:02]} Nxf4 {[%emt 0:00:02]} 42. Rhf3 {[%emt 0:00:01]} g5 {[%emt 0:00:05]} 43. hxg5 {[%emt 0:00:02]} Ng6 {[%emt 0:00:02]} 44. Rxf8+ {[%emt 0:00:03]} Nxf8 {[%emt 0:00:01]} 45. Nf5 {[%emt 0:00:02]} Rc7 {[%emt 0:00:04]} 46. Nh6+ {[%emt 0:00:02]} Kg7 {[%emt 0:00:03]} 47. d6 {[%emt 0:00:05]} Rxc4 {[%emt 0:00:04]} 48. Rf7+ {[%emt 0:00:01]} Kg6 {[%emt 0:00:01]} 49. Rxf8 {[%emt 0:00:02]} Kxg5 {[%emt 0:00:01]} 50. Nf7+ {[%emt 0:00:02]} Kf6 {[%emt 0:00:07]} 51. d7 {[%emt 0:00:02]} 1-0

[Event "GER-ch Rapid Women 2017"]
[Site "Erfurt"]
[Date "2017.07.29"]
[Round "2"]
[White "Zschischang, Marine"]
[Black "Osmanodja, Filiz"]
[Result "0-1"]
[WhiteElo "2057"]
[BlackElo "2273"]
[Annotator "NA"]
[PlyCount "96"]
[EventDate "2017.??.??"]
[EventType "swiss"]
[EventCountry "GER"]
[SourceTitle "playchess.com"]
[Source "ChessBase"]
[SourceQuality "1"]
[TimeControl "1200"]

1. e4 {[%emt 0:00:02]} c5 {[%emt 0:00:01]} 2. c4 {[%emt 0:00:02]} Nc6 {[%emt 0:00:03]} 3. Nc3 {[%emt 0:00:01]} g6 {[%emt 0:00:12]} 4. g3 {[%emt 0:00:03]} Bg7 {[%emt 0:00:01]} 5. Bg2 {[%emt 0:00:01]} e6 {[%emt 0:00:01]} 6. f4 {[%emt 0:00:07]} Nge7 {[%emt 0:00:08]} 7. Nge2 {[%emt 0:00:02]} O-O {[%emt 0:01:00]} 8. O-O {[%emt 0:00:03]} d6 {[%emt 0:00:20]} 9. d3 {[%emt 0:00:11]} a6 {[%emt 0:00:13]} 10. Rb1 {[%emt 0:00:07]} b5 {[%emt 0:00:15]} 11. b3 {[%emt 0:01:31]} b4 {[%emt 0:02:14]} 12. Na4 {[%emt 0:00:06]} Nd4 {[%emt 0:00:43]} 13. Bb2 {[%emt 0:00:45]} Nec6 {[%emt 0:00:10]} 14. h3 {[%emt 0:00:23]} Rb8 {[%emt 0:00:11]} 15. Kh2 {[%emt 0:00:07]} Nxe2 {[%emt 0:00:16]} 16. Qxe2 {[%emt 0:01:10]} Nd4 {[%emt 0:00:01]} 17. Bxd4 {[%emt 0:00:13]} Bxd4 {[%emt 0:00:02]} 18. Nb2 {[%emt 0:00:03]} Bb7 {[%emt 0:00:33]} 19. Nd1 {[%emt 0:00:10]} d5 {[%emt 0:00:14]} 20. e5 {[%emt 0:00:30]} dxc4 {[%emt 0:00:36]} 21. dxc4 {[%emt 0:00:39]} Qa5 {[%emt 0:00:16]} 22. Nf2 {[%emt 0:00:35]} Bxg2 {[%emt 0:00:50]} 23. Kxg2 {[%emt 0:00:02]} Bxf2 {[%emt 0:00:26]} 24. Kxf2 {[%emt 0:00:19]} Rbd8 {[%emt 0:01:06]} 25. Rfd1 {[%emt 0:00:20]} Rd4 {[%emt 0:00:06]} 26. Rxd4 {[%emt 0:00:24]} cxd4 {[%emt 0:00:01]} 27. Rd1 {[%emt 0:00:13]} Rd8 {[%emt 0:00:33]} 28. Rd3 {[%emt 0:00:18]} Qa3 {[%emt 0:00:17]} 29. Qd2 {[%emt 0:00:08]} Kg7 30. Kf3 a5 {[%emt 0:01:37]} 31. Qc2 {[%emt 0:00:59]} Rc8 {[%emt 0:03:27]} 32. c5 {[%emt 0:01:14]} a4 {[%emt 0:00:05]} 33. Rxd4 {[%emt 0:02:07]} axb3 {[%emt 0:00:02]} 34. axb3 {[%emt 0:01:04]} Qa8+ {[%emt 0:00:16]} 35. Ke3 {[%emt 0:00:23]} Qh1 36. h4 {[%emt 0:01:57]} Qg1+ {[%emt 0:00:01]} 37. Qf2 {[%emt 0:00:16]} Qc1+ 38. Qd2 {[%emt 0:00:18]} Qxc5 {[%emt 0:00:05]} 39. Qxb4 {[%emt 0:00:05]} Qc1+ {[%emt 0:00:09]} 40. Rd2 {[%emt 0:00:25]} Rc3+ 41. Ke2 {[%emt 0:00:17]} Rxg3 {[%emt 0:00:10]} 42. Qd4 {[%emt 0:00:43]} Rg2+ 43. Ke3 Qe1+ {[%emt 0:00:25]} 44. Kf3 {[%emt 0:00:32]} Rxd2 {[%emt 0:00:07]} 45. Qc5 {[%emt 0:00:38]} Rd3+ {[%emt 0:00:06]} 46. Kg2 {[%emt 0:00:08]} Qg3+ {[%emt 0:00:11]} 47. Kf1 {[%emt 0:00:13]} Rf3+ {[%emt 0:00:08]} 48. Ke2 {[%emt 0:00:03]} Qg2+ {[%emt 0:00:02]} 0-1